लोड हो रहा है...
சாதிசனம்
| मुख्य लेखक: | |
|---|---|
| स्वरूप: | Printed Book |
| प्रकाशित: |
Chennai
Arivakam
1995
|
| विषय: |
| LEADER | 00489nam a22001577a 4500 | ||
|---|---|---|---|
| 020 | |a 81-900300-6-1 | ||
| 082 | |a 894.811301 |b ARI.S | ||
| 100 | |a Arivalakan |a அறிவழகன் | ||
| 240 | |a Saathi Sanam | ||
| 245 | |a சாதிசனம் | ||
| 260 | |a Chennai |b Arivakam |c 1995 | ||
| 546 | |a Tamil | ||
| 650 | |a Tamil Short Story | ||
| 942 | |c BK | ||
| 999 | |c 316294 |d 316294 | ||
| 952 | |0 0 |1 0 |4 0 |6 894_811301000000000_ARI_S |7 0 |9 338297 |a TAM |b TAM |d 2020-12-03 |o 894.811301 ARI/S |p TAM18594 |w 2020-12-03 |y BK | ||